00951nam a2200253 a 450000500170000000800410001701000130005802000250007103500130009603700150010904000180012408200060014210000220014824500630017026000360023327000660026930000300033549000260036552001040039170000180049594200200051399900170053395201470055020090909114749.0990210s1999 nyua j 000 1 eng  aB-357126 c40.00a9788124113479 aB-357126 bDBAD / PUB adplbEnglish  aN aDickens, Charles  aOliver twist /cby Charles Dickens; retold by Seema Malik  aNew Delhi bHar-Anand c(200?)  aE-49/3, Okhla Industrial Area, Phase-II< bNew Delhi e110020 a72p. :c20cm(pbk) bill.  aTreasure of classics  aA little girl falls down a rabbit hole and discovers a world of nonsensical and amusing characters. aMalik, Seema  2ddccENhNmDIC c30214d30214 00102ddc40708FICaJPbJPd2009-09-09eDBAD / PUBg40.00l16m3oN DICpB-357126r2014-06-09 00:00:00s2014-05-21t1v40.00w2009-09-09yCH